000 00237nam a2200097Ia 4500
001 1250501
005 20251031150857.0
008 251031s9999 xx 000 0 und d
245 0 _cHALİL CİBRAN
_aG-5 MECZUP
260 _bDESTEK YAYINLARI
999 _c1250501
_d1250501